000 00888cam a22002771 4500
999 _c6792
_d6792
001 29330
003 GBCCL
005 20241126110611.0
008 790405s1959 miu b 000 0 eng
010 _a 58009549 //r832
020 _a0802821971
035 _a(OCoLC)00690992
040 _aDLC
_cDLC
_dOCL
049 _aLBBK
_aLBBC
_aLBBA
_c1-2
050 0 _aBS2725.3
_b.M68
082 0 _a225.77
_bNEW
092 _a227.8
_bM876
100 1 _aMorris, Leon,
_d1914-
_93096
245 0 4 _aThe first and second Epistles to the Thessalonians :
_bthe English text with introduction, exposition, and notes.
260 _aGrand Rapids, Mich. :
_bEerdmans,
_c[1959]
300 _a274 p. ;
_c23 cm.
440 0 _aNew international commentary on the New Testament
_95047
504 _aBibliographical footnotes.
630 0 0 _aBible.
_pN.T.
_pThessalonians
_xCommentaries.
_912179
942 _2ddc
_cREF